10 Największych miast w Turcji - Statystyki

Ogólne statystyki
  • Ten quiz został rozwiązany 66 razy
  • Średni wynik to 5 z 10
Statystyki odpowiedzi
Ludność Odpowiedź % Poprawnych
13 522 528 Stambuł
100%
4 417 522 Ankara
96%
2 803 418 Izmir
73%
994 306 Antalya
69%
1 734 705 Bursa
53%
1 107 886 Konya
51%
1 628 725 Adana
37%
1 421 359 Gaziantep
37%
876 958 Mersin
16%
892 713 Diyarbakir
8%
Nie znaleziono quizów pasujących do podanych kryteriów
Rozkład punktacji
Procent ludzi z każdym wynikiem
Percentyl według liczby udzielonych odpowiedzi
Twoja historia wyników
Nie rozwiązałeś tego quizu